000
00274nam a2200109Ia 4500
008
200302s9999 xx 000 0 und d
100
_a
William H.Fielder & Frederick H Jones
245
_a
The Lit Interior
260
_b
Architectural Press
260
_c
2005
300
_a
148 P.,
999
_c
4917
_d
4917